00465nam a22001697a 4500003000400000005001700004008004100021040001000062082002100072100002700093245002200120260003800142300001000180630002600190650003500216650004400251OSt20251219121226.0251219b |||||||| |||| 00| 0 eng d cSBCL  a894.8125 bCHA-P aChandrankunnel,Mathew  a894.8125 bCHA-P  aKottayam bSt. Thomas Pressc2016 a104p. xLiterature & rhetoric aLiteratures of other languages aAltaic, Uralic, Hyperborean & Dravidian